Youth movements in the 1980's: a global perspective /
sin resumen
Gorde:
| Egile nagusia: | |
|---|---|
| Beste egile batzuk: | |
| Formatua: | Texto |
| Etiketak: |
Etiketa erantsi
Etiketarik gabe, Izan zaitez lehena erregistro honi etiketa jartzen!
|
MARC
| LEADER | 00000 a a2200000 04500 | ||
|---|---|---|---|
| 001 | 8874 | ||
| 003 | |||
| 040 | |||
| 100 | |a Braungart, Richard F. | ||
| 245 | |a Youth movements in the 1980's: a global perspective / |c Richard F. Braungart | ||
| 520 | |a sin resumen | ||
| 700 | |a Braungart, Margaret M. | ||
| 773 | |g volumen 5, número 2; páginas 157-181 | ||
| 999 | |c 22928 |d 22928 | ||
